书目信息 |
| 题名: |
希有元素定性分析
|
|
| 作者: | 赵丹若 编著 | |
| 分册: | ||
| 出版信息: | 北京 人民教育出版社 1960 |
|
| 页数: | 155页 | |
| 开本: | 20cm | |
| 丛书名: | ||
| 单 册: | ||
| 中图分类: | O654 | |
| 科图分类: | ||
| 主题词: | 分析化学 , 分析(化学) | |
| 电子资源: | ||
| ISBN: | ||
| 000 | 00622nam0 2200229 450 | |
| 001 | 0654766703 | |
| 005 | 20060718151443.51 | |
| 010 | @dCNY0.55 | |
| 100 | @a20060718d1960 km y0chiy0120 ea | |
| 101 | 0 | @achi |
| 102 | @aCN@b110000 | |
| 102 | @aCN@b110000 | |
| 200 | 1 | @a希有元素定性分析@Axi you yuan su ding xing fen xi@f赵丹若编著@Fzhao dan ruo bian zhu |
| 210 | @a北京@c人民教育出版社@d1960 | |
| 215 | @a155页@d20cm | |
| 300 | @a高等学校教学用书 | |
| 606 | 0 | @a分析化学 |
| 606 | 0 | @a分析(化学) |
| 690 | @aO654@v3 | |
| 701 | 0 | @a赵丹若@Azhao dan ruo@4编著 |
| 801 | 0 | @aCN@bPFT@c20060718 |
| 905 | @a10447@dO654@e31 | |
| 希有元素定性分析/赵丹若编著.-北京:人民教育出版社,1960 |
| 155页;20cm |
| 高等学校教学用书 |
| ISBN :CNY0.55 |
| ● |
| 相关链接 |
|
|
|
|
正题名:希有元素定性分析
索取号:O654/31
 
预约/预借
| 序号 | 登录号 | 条形码 | 馆藏地/架位号 | 状态 | 备注 |
| 1 | 0432204 | 204322045 | 密集书库/ [索取号:O654/31] | 在馆 |